ឆ្កែពីរក្បាលនិងក្មេងស្រី : (Record no. 9228)
[ view plain ]
| 000 -LEADER | |
|---|---|
| fixed length control field | 01504nam a22002657a 4500 |
| 001 - CONTROL NUMBER | |
| control field | 9228 |
| 003 - CONTROL NUMBER IDENTIFIER | |
| control field | FISKH |
| 005 - DATE AND TIME OF LATEST TRANSACTION | |
| control field | 20251203155111.0 |
| 008 - FIXED-LENGTH DATA ELEMENTS--GENERAL INFORMATION | |
| fixed length control field | 251203b cb ||||| |||| 00| 0 eng d |
| 040 ## - CATALOGING SOURCE | |
| Original cataloging agency | FISKH |
| Language of cataloging | khr |
| Transcribing agency | FISKH |
| Modifying agency | FISKH |
| 082 ## - DEWEY DECIMAL CLASSIFICATION NUMBER | |
| Classification number | 398.2 |
| 100 ## - MAIN ENTRY--PERSONAL NAME | |
| Personal name | Maxwell , Arthur S. |
| 245 ## - TITLE STATEMENT | |
| Title | ឆ្កែពីរក្បាលនិងក្មេងស្រី : |
| Remainder of title | Two dogs and a girl / |
| Statement of responsibility, etc. | By Arhur S. Maxwell |
| 260 ## - PUBLICATION, DISTRIBUTION, ETC. | |
| Place of publication, distribution, etc. | Phnom Penh : |
| 300 ## - PHYSICAL DESCRIPTION | |
| Extent | 18 pages : |
| Other physical details | color illustrations ; |
| Dimensions | 21 cm . |
| 505 ## - FORMATTED CONTENTS NOTE | |
| Formatted contents note | J <br/> |
| 520 ## - SUMMARY, ETC. | |
| Summary, etc. | កាលពីព្រេងនាយមានឆ្កែពីរក្បាលឈ្មោះថេឌី និង ស៊ូធី ។ពួកវានៅជាមួយក្មេងស្រីម្នាក់ឈ្មោះ ម៉ារី ។ ពួកគេរស់នៅក្នុងគ្រួសារមួយដែលមានឪពុកម្តាយ និង មីង យ៉ាងសប្បាយរីករាយ ។ |
| 520 ## - SUMMARY, ETC. | |
| Summary, etc. | Once upon a time, there were two-headed dogs named Teddy and Sooti. They lived with a little girl named Mary. They lived in a family with her parents and Ming, happily and joyfully. |
| 521 8# - TARGET AUDIENCE NOTE | |
| Target audience note | 480 <br/> |
| Source | Lexile estimate <br/> |
| 521 8# - TARGET AUDIENCE NOTE | |
| Target audience note | J <br/> |
| Source | Raz-Plus <br/> |
| 650 ## - SUBJECT ADDED ENTRY--TOPICAL TERM | |
| Topical term or geographic name entry element | ឆ្កែពីរក្បាលនិងក្មេងស្រី |
| Form subdivision | រឿងនិទានកុមារ |
| 650 ## - SUBJECT ADDED ENTRY--TOPICAL TERM | |
| Topical term or geographic name entry element | Two dogs and a girl |
| Form subdivision | Children's Stories |
| 942 ## - ADDED ENTRY ELEMENTS (KOHA) | |
| Source of classification or shelving scheme | Dewey Decimal Classification |
| Koha item type | Khmer Books |
| Suppress in OPAC | No |
| Withdrawn status | Lost status | Source of classification or shelving scheme | Damaged status | Not for loan | Collection | Home library | Current library | Shelving location | Date acquired | Total Checkouts | Full call number | Barcode | Date last seen | Price effective from | Koha item type |
|---|---|---|---|---|---|---|---|---|---|---|---|---|---|---|---|
| Dewey Decimal Classification | Khmer-English Bilingual / ភាសាខ្មែរ-អង់គ្លេស | Footprints International School Library Network Toul Tom Poung Campus | Footprints International School Library Network Toul Tom Poung Campus | TTP Primary Khmer Bookshelves | 12/03/2025 | MAX PZ7 398.2 | 2025-5013 | 12/03/2025 | 12/03/2025 | Khmer Books |
